Enseñar y significar : las relaciones de la enseñanza en cuestión. O de las (no) coincidencias en las relaciones de enseñanza /

En este trabajo exploraremos las relaciones entre enseñar y significar, y discutiremos el estatuto del signo y del lenguaje en dichas relaciones. Si bien la problemática de la significación y del sentido es arcaica, los modos de comprensión y explicación de esta problemática se (trans)forman de acue...

Descripción completa

Detalles Bibliográficos
Autor principal: Díaz, Josep María
Formato: Analitica de revista
Lenguaje:español
Publicado: Madrid Fundación Infancia y Aprendizaje 2006
Acceso en línea:Acceso electrónico al documento (tablas de contenido y resúmenes)

MARC

LEADER 00000cab a2200000 a 4500
001 026406
003 UAHC_CL
005 20180809124829.0
008 060704b xx j 000 1 spa
952 |0 0  |1 0  |2 ddc  |4 0  |6 C__E01_06_000000000000000  |7 0  |8 COMP  |9 53320  |a BC  |b BC  |c General  |d 2017-08-03  |l 0  |o C & E-01/06  |r 2018-01-17 00:00:00  |t 1  |w 2017-08-03  |y REVA 
999 |c 26406  |d 26406 
037 |a Fundación Infancia y Aprendizaje: Crtra. de Canillas, 138, 16 C, 28043. Tf. 7596892; Fax: 3003527; correo electrónico: fundacionia@fia.es 
037 |a Fundación Infancia y Aprendizaje: Crtra. de Canillas, 138, 16 C, 28043. Tf. 7596892; Fax: 3003527; correo electrónico: fundacionia@fia.es 
040 |a UAHC_CL  |c UAHC_CL  |d UAHC_CL 
100 1 |a Díaz, Josep María 
245 1 0 |a Enseñar y significar :  |b las relaciones de la enseñanza en cuestión. O de las (no) coincidencias en las relaciones de enseñanza /  |c Ana Luiza Smolka. 
260 |b Fundación Infancia y Aprendizaje  |a Madrid  |c 2006 
300 |a pp. 3-14 
310 |a Trimestral 
500 |a En: C & E, n¼2, vol. 18, 2006. pp. 3-14. ISSN 11356405. 
520 |a En este trabajo exploraremos las relaciones entre enseñar y significar, y discutiremos el estatuto del signo y del lenguaje en dichas relaciones. Si bien la problemática de la significación y del sentido es arcaica, los modos de comprensión y explicación de esta problemática se (trans)forman de acuerdo a las condiciones materiales de existencia, que configuran y caracterizan diferentes movimientos y momentos en la producción histórica del conocimiento.\Tomando como punto de partida el ejemplo prototípico de apuntar, analizaremos la complejidad de ese gesto a través de una relectura de algunas afirmaciones y argumentos de Vygotski que hoy en día son un lugar común entre profesores e investigadores. A partir de estas discusiones, y asumiendo la naturaleza social y dialógica del desarrollo y del conocimiento, enfocaremos las practicas escolares y discursivas en cuanto locus (de producción) de significado. Para ello analizaremos en primer lugar una situación de enseñanza y producción de textos, y en segundo lugar, extraeremos las implicaciones de algunos presupuestos y conceptos -e.g (no)coincidencias- para la enseñanza y la investigación sobre las relaciones educativas. 
773 0 |t C&E : cultura y educación, revista de teoría, investigación y práctica  |w 026402 
856 |u http://dialnet.unirioja.es/servlet/listaarticulos?tipo_busqueda=EJEMPLAR&revista_busqueda=252&clave_busqueda=146774  |y Acceso electrónico al documento (tablas de contenido y resúmenes) 
900 |a C & E-01/06 
942 |c REVA  |2 ddc